Foundations of economic analysis
-д хадгалсан:
| Үндсэн зохиолч: | |
|---|---|
| Формат: | Ном |
| Хэл сонгох: | англи |
| Хэвлэсэн: |
Ane Books
2019
|
| Шошгууд: |
Шошго нэмэх
Шошго байхгүй, Энэхүү баримтыг шошголох эхний хүн болох!
|
MARC
| LEADER | 00000nam a22000007a 4500 | ||
|---|---|---|---|
| 008 | 240610b |||||||| |||| 00| 0 eng d | ||
| 020 | |a 9789386761774 | ||
| 100 | |a AGARWAL, Shobha |a H.S. Agarwal | ||
| 245 | |a Foundations of economic analysis |c Shobha Agarwal, H.S Agarwal |g 359p. ; ill | ||
| 260 | |b Ane Books |c 2019 |h New Delhi |i 69906 |i 69907 |l HB171.Ag1 |m Economics, mathematical | ||
| 942 | |a lcc |c BK |e Adeyemo O.O |f 10/06/2024 | ||
| 952 | |0 0 |1 0 |2 lcc |4 0 |6 HB0171 A G1 |7 0 |9 5279 |a SSL |b HOL |c GJ |d 2024-06-10 |l 0 |o HB171.Ag1 |p 2024-0522 |r 2024-06-10 00:00:00 |t 699906 |w 2024-06-10 |y BK | ||
| 952 | |0 0 |1 0 |2 lcc |4 0 |6 HB0171 A G1 |7 0 |9 5280 |a HOL |b HOL |c GJ |d 2024-06-10 |l 0 |o HB171.Ag1 |p 2024-0523 |r 2024-06-10 00:00:00 |t 699907 |w 2024-06-10 |y BK | ||
| 999 | |c 2616 |d 2616 | ||